000 00673nam a22001937a 4500
003 OSt
005 20251106050828.0
008 251105b |||||||| |||| 00| 0 eng d
020 _a978-971-06-5922-7
040 _aDWCL - Main Lib
_cOC
082 _aRes. 500 Ex96 2023
_23rd
100 _aFerriols-Parico, Josefina Ma.
245 _aExploring life through science 8 /
_cJosefina Ma. Ferriols-Parico
260 _aQuezon City, Philippines :
_bPhoenix Publishing House,
_cc2023
300 _ax, 297 pages :
_billustrations ;
_c27 cm.
504 _aIncludes bibliographical references and index.
700 _aFerriols-Parico, Josefina Ma.
942 _2ddc
_cBK-0 CIRC
_mRes.
_n0
999 _c5488
_d5488